| 000 | 00486cas a22001815a 4500 | ||
|---|---|---|---|
| 001 | L139854 | ||
| 008 | 070815c1967 xxkqr p 0 a0eng u | ||
| 035 | _a(Sirsi) u139854 | ||
| 041 | 0 | _aeng | |
| 110 | 2 |
_aInternational Real Estate Federation _bBritish Chapter _95318 |
|
| 245 | 0 | 0 | _aFIABCI Bulletin |
| 260 |
_aLondon _bFIABCI _c1967- |
||
| 362 | 0 | _a[1] January 1967-[6] April 1968 | |
| 554 | _aFour per year | ||
| 651 | 4 |
_aGreat Britain _y1707- |
|
| 690 | _aPROPERTY | ||
| 942 | _n0 | ||
| 999 |
_c119140 _d119140 |
||